000
00292nam a2200109Ia 4500
008
200302s9999 xx 000 0 und d
100
_a
Richard Ingersoll
245
_a
Sprawltown Looking for the City on Its Edges
260
_b
Pronceton Architectural Press
260
_c
2006
300
_a
182 P.,
999
_c
5896
_d
5896